|
|
|
|
| LEADER |
01982nam a2200433 i 4500 |
| 001 |
EBC3320192 |
| 003 |
MiAaPQ |
| 005 |
20200520144314.0 |
| 006 |
m o d | |
| 007 |
cr cnu|||||||| |
| 008 |
141220t20142014gw ob 000 0 ger d |
| 020 |
|
|
|z 9783862198405
|
| 020 |
|
|
|a 9783862198412 (e-book)
|
| 035 |
|
|
|a (MiAaPQ)EBC3320192
|
| 035 |
|
|
|a (Au-PeEL)EBL3320192
|
| 035 |
|
|
|a (CaPaEBR)ebr10993973
|
| 035 |
|
|
|a (OCoLC)897810690
|
| 040 |
|
|
|a MiAaPQ
|b eng
|e rda
|e pn
|c MiAaPQ
|d MiAaPQ
|
| 050 |
|
4 |
|a QB981
|b .W457 2014
|
| 082 |
0 |
|
|a 523.1
|2 23
|
| 245 |
0 |
0 |
|a "Weisst du wieviel Sternlein stehen?" :
|b eine kosmologie (nicht nur) fur Religionslehrer/innen /
|c Veit-Jakobus Dieterich, Gerhard Buttner, (Hrsg).
|
| 264 |
|
1 |
|a Kassel, [Germany] :
|b Kassel University Press,
|c 2014.
|
| 264 |
|
4 |
|c 2014
|
| 300 |
|
|
|a 1 online resource (197 pages).
|
| 336 |
|
|
|a text
|2 rdacontent
|
| 337 |
|
|
|a computer
|2 rdamedia
|
| 338 |
|
|
|a online resource
|2 rdacarrier
|
| 490 |
1 |
|
|a Beitrage zur Kinderund Jugendtheologie ;
|v Band 30
|
| 504 |
|
|
|a Includes bibliographical references.
|
| 588 |
|
|
|a Description based on online resource; title from PDF title page (ebrary, viewed December 20, 2014).
|
| 590 |
|
|
|a Electronic reproduction. Ann Arbor, MI : ProQuest, 2015. Available via World Wide Web. Access may be limited to ProQuest affiliated libraries.
|
| 650 |
|
0 |
|a Cosmology
|x Religious aspects.
|
| 655 |
|
4 |
|a Electronic books.
|
| 700 |
1 |
|
|a Dieterich, Veit-Jakobus,
|e editor.
|
| 700 |
1 |
|
|a Buttner, Gerhard,
|e editor.
|
| 776 |
0 |
8 |
|i Print version:
|t "Weisst du wieviel Sternlein stehen?" : eine kosmologie (nicht nur) fur Religionslehrer/innen.
|d Kassel, [Germany] : Kassel University Press, c2014
|h 192 pages
|k Beitrage zur Kirchen- und Kulturgeschichte ; Band 30.
|z 9783862198405
|
| 797 |
2 |
|
|a ProQuest (Firm)
|
| 830 |
|
0 |
|a Beitrage zur Kirchen- und Kulturgeschichte ;
|v Band 30.
|
| 856 |
4 |
0 |
|u https://ebookcentral.proquest.com/lib/matrademy/detail.action?docID=3320192
|z Click to View
|